banner-ar

فرعون الخروج نفركا رع - ست بن رع ومؤمن ال فرعون الكاهن نب مس / (Record no. 65283)

MARC details
000 -الفاتح
حقل البيانات ثابتة الطول 00924nam a22002417a 4500
005 - وقت وتاريخ اخر تعامل مع التسجيلة
رقم الضبط 20240530110816.0
008 - عناصر البيانات ثابتة الطول - معلومات عامة
حقل البيانات ثابتة الطول 190625s2019 ua f 00| 0|ara d
017 ## - رقم الايداع القانونى
رقم الايداع القانونى 2018/20828
المصدر ( الهيئة المختصة) مصر. دار الكتب
020 ## - الرقم الدولى المعيارى للكتب
الرقم الدولى المعيارى للكتاب 9789777282574
040 ## - مصدر الفهرسة
وكالة الفهرسة الأصلية EG-CaGPL
وكالة النسخ EG-CaGPL
082 04 - رقم تصنيف ديوى العشرى
رقم الطبعة 21
رقم التصنيف 932/
رقم المادة ق/ح ف
100 0# - المدخل الرئيسى - إسم شخصى
الإسم الشخصى حسن الشريف
245 10 - بيان العنوان
العنوان فرعون الخروج نفركا رع - ست بن رع ومؤمن ال فرعون الكاهن نب مس /
بيان المسئوليه,etc حسن الشريف
250 ## - بيان الطبعة
بيان الطبعة ط.1
260 ## - PUBLICATION, DISTRIBUTION, ETC. (IMPRINT)
تاريخ النشر أو التوزيع 2019
300 ## - الوصف المادى
التعداد 163 ص. ؛
أبعاد الوعاء 24 سم.
650 07 - المدخل الاضافى بالموضوع-مصطلح موضوعى
مصدر الرأس أو المصطلح qrmak
مصطلح موضوعي الحضارة الفرعونية
650 07 - المدخل الاضافى بالموضوع-مصطلح موضوعى
مصدر الرأس أو المصطلح qrmak
مصطلح موضوعي الاثار الفرعونية
650 07 - المدخل الاضافى بالموضوع-مصطلح موضوعى
مصدر الرأس أو المصطلح qrmak
مصطلح موضوعي قدماء المصرين
653 #0 - مصطلح تكشيفى غير مقيد
مصطلح غير مقيد اجدابيا - ليبيا
942 ## - عناصر المدخل الإضافي( كوها)
مصدر التصنيف او مخطط الترفيف Dewey Decimal Classification
Koha [default] item type كتاب
260 ## - PUBLICATION, DISTRIBUTION, ETC. (IMPRINT)
-- القاهرة :
-- دار الحكمة للطباعة و النشر و التوزيع،
Holdings
حالة التراجع حالة الفقد حالة تلف ليس للاعارة المكان المؤقت الموقع الحالى موقع الترفيف تاريخ الاكتساب اجمالي اﻻعارات رقم الطلب الباركود تاريخ اخر مشاهدة تاريخ تفعيل السعر نوع وعاء كوها
        مكتبة القاهرة الكبرى مكتبة القاهرة الكبرى   06/25/2019   932/ ق/ح ف 165998 06/25/2019 06/25/2019 كتاب

Powered By

EGPV